Подробности
| 000 -МАРКЕР |
| контрольное поле |
01363nam2a22002651 4500 |
| 001 - ИДЕНТИФИКАТОР ЗАПИСИ |
| контрольное поле |
rc\144561 |
| 005 - ИДЕНТИФИКАТОР ВЕРСИИ |
| контрольное поле |
20250612175405.0 |
| 010 ## - МЕЖДУНАРОДНЫЙ СТАНДАРТНЫЙ НОМЕР КНИГИ (ISBN) |
| Номер (ISBN) |
5-02-030372-0 |
| Тираж |
360 |
| 035 ## - ДРУГИЕ СИСТЕМНЫЕ НОМЕРА |
| Идентификатор записи |
(NLR Aleph) 008765126 |
| 100 ## - ДАННЫЕ ОБЩЕЙ ОБРАБОТКИ |
| Данные общей обработки |
20030307d1995 |||y0rusy50 ca |
| 101 0# - ЯЗЫК РЕСУРСА |
| Язык текста, звукозаписи и т.д. |
русский |
| 102 ## - СТРАНА ПУБЛИКАЦИИ ИЛИ ПРОИЗВОДСТВА |
| Страна публикации |
Российская Федерация |
| 105 ## - ПОЛЕ КОДИРОВАННЫХ ДАННЫХ: ТЕКСТОВЫЕ МАТЕРИАЛЫ, МОНОГРАФИЧЕСКИЕ |
| Кодированные данные о монографическом текстовом документе |
a ||||||||| |
| 200 1# - ЗАГЛАВИЕ И СВЕДЕНИЯ ОБ ОТВЕТСТВЕННОСТИ |
| Основное заглавие |
Томография плазмы |
| Первые сведения об ответственности |
В.В. Пикалов, Т.С. Мельникова |
| Последующие сведения об ответственности |
Отв. ред. к. ф.-м. н. В.В. Пикалов |
| -- |
Ин-т теорет. и прикл. механики |
| -- |
[Редкол.: ...М.Ф. Жуков (гл. ред.) и др.] |
| 210 ## - ПУБЛИКАЦИЯ, РАСПРОСТРАНЕНИЕ И ДР. |
| Имя издателя, распространителя и т. д. |
Сиб. изд. фирма РАН |
| Дата издания, распространения и т.д. |
1995 |
| Место издания, распространения и т.д. |
Б. м. |
| 215 ## - ФИЗИЧЕСКАЯ ХАРАКТЕРИСТИКА |
| Специфическое обозначение материала и объем |
221, [7] с. |
| Другие сведения о физической характеристике |
ил. |
| Размеры |
23 |
| 300 ## - ОБЩИЕ ПРИМЕЧАНИЯ |
| Текст примечания |
Рез. на англ. яз. |
| 320 ## - ПРИМЕЧАНИЯ О НАЛИЧИИ В ДОКУМЕНТЕ БИБЛИОГРАФИИ / УКАЗАТЕЛЯ |
| Текст примечания |
Библиогр.: с. 199-221 |
| 461 #0 - УРОВЕНЬ НАБОРА |
| Встроенное поле |
001rc\144553 |
| -- |
2001#$aНИЗКОТЕМПЕРАТУРНАЯ плазма$f[Рос. акад. наук. Сиб. отд-ние, Ин-т теплофизики$gРедкол.: ...М.Ф. Жуков и др.]$v[Т.] 13 |
| Системный номер (АБИС) связанной записи |
7861678 |
| Место публикации |
Новосибирск |
| Дата публикации |
1992 |
| Первые сведения об ответственности |
[Рос. акад. наук. Сиб. отд-ние, Ин-т теплофизики |
| Имя издателя, распространителя и т.д. |
Наука. Сиб. отд-ние |
| Заглавие |
НИЗКОТЕМПЕРАТУРНАЯ плазма |
| Номер тома |
[Т.] 13 |
| 801 #0 - ИСТОЧНИК ЗАПИСИ |
| Страна |
Российская Федерация |
| Организация |
NLR |
| Правила каталогизации |
psbo |
| 801 #1 - ИСТОЧНИК ЗАПИСИ |
| Страна |
Российская Федерация |
| Организация |
ELAR |
| Источник данных |
rusmarc |
| 852 ## - МЕСТОНАХОЖДЕНИЕ И ШИФР ХРАНЕНИЯ |
| Идентификатор организации |
NLR |
| Шифр хранения (Call Number) |
90-5/6111 |
| 942 ## - ДОПОЛНИТЕЛЬНЫЕ ЭЛЕМЕНТЫ ЗАПИСИ (АБИС) |
| Тип экземпляра АБИС |
Книга |
| 980 ## - КОЛЛЕКЦИЯ |
| Название коллекции |
Национальная библиография |